000 00659nam a2200217 i 4500
001 180697
003 ES-MaACL
005 20230906221151.0
008 120626q1950 sp |||| |dspa d
080 _a929 Nobel, Alfred
100 1 _aBalanyá, Joaquín.
_9150776
245 1 0 _aNobel y sus premios /
_cJoaquín Balanyá ; portada de Coll.
260 _aBarcelona :
_bEdiciones G.P.,
_c[ca. 1950]
300 _a64 p. ;
_c11 cm.
490 1 _aEnciclopedia pulga ;
_v44
600 1 4 _aNobel, Alfred.
_9150777
700 1 _aColl, Alejandro.
_939607
830 1 _aEnciclopedia pulga ;
_v44
_9191296
852 4 _aES-MaACL
_j2311-F-11
999 _c180697
_d180697